000 00807nam a22002177a 4500
005 20120110150752.0
010 _aB-444590
020 _a9781406336986
_c285.00
035 _aB-444590
037 _bBlue Berry/Ven
_aDPL
082 _aS
100 _aHororwitz, Anthony
_938821
245 _aScorpia Rising/
_bby Anthony Horowitz
260 _bWalker India
_aLondon
_c2010
270 _bLondon
_a87 Vauxhall, London SE11 5HJ
300 _a431p.
_c19cm(pbk)
490 _aThe Alex Rider
_938822
942 _2ddc
_cEN
_mHOR
_hS
999 _c60634
_d60634